Patronas Coronadas de la Andalucía Occidental - Estadísticas

Estadísticas generales
  • Esta prueba ha sido intentada 81 veces
    79 desde el último reinicio
  • La puntuación promedio es 40 de 62
Estadísticas de respuestas
Pista Respuesta % Correcto
Sevilla Virgen de los Reyes
95%
Almonte Virgen del Rocío
95%
Cádiz Virgen del Rosario
95%
Rota Virgen del Rosario
95%
Bornos Virgen del Rosario
95%
Santiponce Virgen del Rosario
95%
Burguillos Virgen del Rosario
95%
San Fernando Virgen del Carmen
88%
Jerez de la Frontera Virgen de la Merced
83%
Castilleja de la Cuesta Inmaculada Concepción
80%
Lora del Río Virgen de Setefilla
80%
Dos Hermanas Virgen de Valme
80%
Utrera Virgen de Consolación
78%
Huelva Virgen de la Cinta
78%
Vejer de la Frontera Virgen de la Oliva
78%
Salteras Virgen de la Oliva
78%
Ayamonte Virgen de las Angustias
75%
Aracena Virgen del Mayor Dolor
75%
Palma del Condado Virgen del Valle
75%
Écija Virgen del Valle
75%
Lucena Virgen de Araceli
73%
Benamejí Virgen de Gracia
73%
Carmona Virgen de Gracia
73%
Córdoba Virgen de la Fuensanta
73%
La Roda de Andalucía Virgen de los Dolores
73%
Camas Virgen de los Dolores
73%
Lepe Virgen de la Bella
70%
El Puerto de Santa María Virgen de los Milagros
70%
Chipiona Virgen de Regla
70%
Sanlúcar de Barrameda Virgen de la Caridad
68%
Chucena Virgen de la Estrella
68%
Villa del Río Virgen de la Estrella
68%
Valencina de la Concepción Virgen de la Estrella
68%
Bollullos par del Condado Virgen de las Mercedes
68%
Puente Genil Purísima Concepción
63%
Paterna de Rivera Virgen de la Soledad
63%
Olvera Virgen de los Remedios
63%
Villarrasa Virgen de los Remedios
63%
Mairena del Alcor Virgen de los Remedios
63%
Moguer Virgen de Montemayor
63%
Cabra Virgen de la Sierra
60%
Alcalá de Guadaíra Virgen del Águila
58%
Alájar Reina de los Ángeles
55%
Villaverde del Río Virgen de Aguas Santas
53%
El Viso del Alcor Santa María del Alcor
50%
Iznájar Virgen de la Antigua y Piedad
50%
Guillena Virgen de la Granada
50%
Puebla del Río Virgen de la Granada
50%
Palma del Río Virgen de Belén
48%
Pilas Virgen de Belén
48%
San José del Valle María Auxiliadora
45%
Tarifa Virgen de la Luz
45%
La Puebla de Guzmán Virgen de la Peña
45%
Espartinas Virgen del Loreto
45%
Rociana del Condado Virgen del Socorro
43%
Palos de la Frontera Virgen de los Milagros de la Rábida
33%
Bollullos de la Mitación Virgen de Cuatrovitas
30%
Trebujena Virgen de Palomares
30%
Constantina Virgen de Robledo
28%
Alcalá de los Gazules Virgen de los Santos
23%
Cañete de las Torres Virgen del Campo
18%
La Puebla de los Infantes Virgen de las Huertas
15%
No se encontraron pruebas coincidentes
Distribución de puntuación
Porcentaje de gente con cada puntuación
Porcentaje por número respondido
Historial de tus puntuaciones
No has intentado esta prueba desde el último reinicio